Os males do Brasil : antropofagia e a questao da raca /
Salvato in:
| Autore principale: | |
|---|---|
| Altri autori: | |
| Natura: | Sconosciuto |
| Lingua: | Portuguese |
| Pubblicazione: |
Rio de Janeiro, Brasil :
Universidade Federal do Rio de Janeiro. Centro Interdisciplinar de Estudos Contemporáneos,
1990.
|
| Serie: | (Papéis Avulsos ;
22) |
| Soggetti: | |
| Tags: |
Aggiungi Tag
Nessun Tag, puoi essere il primo ad aggiungerne!!
|
MARC
| LEADER | 000000000a22000000004500 | ||
|---|---|---|---|
| 001 | 004454 | ||
| 041 | 0 | |a por | |
| 082 | 0 | 4 | |a 981 |b N972m |
| 100 | 1 | |a Nunes, Zita St. Aubyn | |
| 245 | 1 | 3 | |a Os males do Brasil : |b antropofagia e a questao da raca / |c Zita St. Aubyn Nunes ; Roberto Raposo, traductor. |
| 260 | 1 | |a Rio de Janeiro, Brasil : |b Universidade Federal do Rio de Janeiro. Centro Interdisciplinar de Estudos Contemporáneos, |c 1990. | |
| 300 | |a 16 páginas | ||
| 490 | 1 | |a (Papéis Avulsos ; |v 22) | |
| 500 | |a Título original: Anthropophagism and the question of race. La biblioteca posee otro ejemplar con número de inscripción 12662 | ||
| 500 | |a Colección George Yúdice | ||
| 650 | 4 | |a ETNOLOGIA | |
| 650 | 4 | |a BRASIL | |
| 650 | 4 | |a CARACTERISTICAS NACIONALES BRASILEÑAS | |
| 700 | 1 | |a Raposo, Roberto, |e traductor | |
| 999 | |c 10613 |d 10613 | ||
| 942 | |c BK |h 981 N972m |2 z | ||
